000 00431nam a2200181Ia 4500
001 13599
005 20260306164813.0
008 260306t2010||||xx |||||||||||||| ||spa||
041 _aESP
082 _a005.1
_bC51
100 _aChandler, Heather Maxwell
_eAUT
245 4 _aThe game production handbook
260 _c2010
300 _a482 páginas :
_c24 cm.
650 _aGEN
654 _aCCC
942 _cLIB
_dJUS
_fJUS
_2ddc
_n
999 _c13599
_d13599